000
00297pab a2200121 454500
008
180718b xxu||||| |||| 00| 0 eng d
100
_a
Sud, Surender
245
_a
Mismanagement of food economy
650
_a
Food
650
_a
Public Distribution System
773
_a
Times of India
909
_a
21881
999
_c
21881
_d
21881